Every Mediterranean Flag - Sudden Death - Statistics

General Stats
  • This quiz has been taken 331 times
    104 since last reset
  • The average score is 10 of 21
Answers on the Grid
Answers color-coded by a green-red scale on the quiz's grid according to % correct below.
 
Answer Stats
Answer % Correct
68%
62%
60%
55%
55%
51%
51%
49%
49%
47%
47%
47%
45%
43%
40%
40%
38%
34%
34%
34%
30%
No matching quizzes found
Score Distribution
Percent of People with Each Score
Percentile by Number Answered
Your Score History
You have not taken this quiz since the last reset